000 00899nam a22002057a 4500
999 _c18410
_d18410
003 BDDh-ASL
005 20231015025715.0
008 200929b1990 ||||| |||| 00| 0 d
040 _aBDDh-ASL
_cBDDh-ASL
_dBDDh-ASL
041 _aBengali
082 _a327.3
_bSAM
245 0 _aসকালীন আন্তর্জাতিক রাজনীতি /
_cআবুল কালাম (সম্পা.)।
246 _aSamakalin Antrojatik Rajniti.
260 _aঢাকা:
_bএকাডেমিক পাবলিশার্স,
_c১৯৯০।
300 _a১৮৬ পৃষ্ঠা:
_c২২ সে. মি.।
504 _aগ্রন্থপঞ্জি সংযুক্ত।
650 0 _91244
_aআন্তর্জাতিক সম্পর্ক
_xবিশ্ব রাজনীতি
700 0 _91243
_aকালাম, আবুল
942 _2ddc
_cBK